SERDENGEÇTİ2 (Record no. 917320)

MARC details
000 -LEADER
sabit uzunluktaki kontrol alanı 00250nam a2200097Ia 4500
001 - KONTROL NUMARASI
kontrol alanı 917320
005 - EN SON İŞLEMİN TARİH VE ZAMANI
kontrol alanı 20250826185911.0
008 - SABİT-UZUNLUKTA VERİ ÖĞELERİ--GENEL BİLGİ
sabit uzunluktaki kontrol alanı 250824s9999 xx 000 0 und d
245 #0 - ESER / YAZAR
ESER ADI SERDENGEÇTİ2
Yazar Adı OSMAN YÜKSEL SERDENGEÇTİ
260 ## - YAYIN, DAĞITIM, VB.
YAYIN EVİ TEDEV YAYINLARI
Holdings
Düşüm durumu Kayıp durumu Hasar Durumu Ödünç verilmez Ana kütüphane Geçerli Kütüphane Edinilen tarih Toplam ödünç verme sayısı Barkod Son görüntüleme tarihi Fiyatın geçerli olmaya başladığı tarih Koha materyal türü
        AYŞE- KEMAL İNANÇ ANADOLU İMAM HATİP LİSESİ AYŞE- KEMAL İNANÇ ANADOLU İMAM HATİP LİSESİ 24.08.2025   1047640 26.08.2025 26.08.2025 Books